000 00723nam a22002057a 4500
005 20251108170908.0
008 250721s1999 xx 000 0 ara d
082 1 4 _a910.133/فلي
100 1 _aفليجة، أحمد نجم الدين
245 1 0 _aالجغرافية الإقتصادية للبلدان النامية /
264 1 _aالإسكندرية :
_bمركز الإسكندرية للكتاب،
_c1999.
300 _a230ص
650 1 7 _aالجغرافيا الإقتصادية
650 1 7 _aالبلدان النامية
650 1 7 _aالموارد الطبيعية
650 1 7 _aالجغرافيا البشرية
650 1 7 _aالمناطق الأقل حظا
942 _2ddc
_cBK
999 _c51560
_d51560